=LDR 00000nam 2200000 4500 =001 INLIS000000000023698 =005 20130612122333 =008 ***********************************Ind** =035 ##$$0010-061300000023698 =041 ##$$a Ind =082 ##$$a 658.403 =090 ##$$a 658.403, Hen b =100 ##$$a Hendricks William =245 ##$$a Bagaiman mengelola konflik, Petunjuk praktis untuk manajemen konflik yang efektif, William Hendricks =260 ##$$a 2006 $b Jakarta =650 ##$$a Mengelola konflik =850 ##$$a NBPNMAT